LIBRARY & INFORMATION CENTRE, KCAET, TAVANUR

ONLINE PUBLIC ACCESS CATALOGUE (OPAC)

Mayyazhippuzhayute Theerangalil (Record no. 17680)

MARC details
000 -LEADER
fixed length control field 00370nam a2200157Ia 4500
003 - CONTROL NUMBER IDENTIFIER
control field OSt
008 - FIXED-LENGTH DATA ELEMENTS--GENERAL INFORMATION
fixed length control field 200919s9999||||xx |||||||||||||| ||und||
020 ## - INTERNATIONAL STANDARD BOOK NUMBER
ISBN 81471302319
041 ## - LANGUAGE CODE
Language code of text/sound track or separate title mal
082 ## - DEWEY DECIMAL CLASSIFICATION NUMBER
Classification number 894.812 3
Item number MUK/MA
100 ## - MAIN ENTRY--AUTHOR NAME
Personal name Mukundan M
245 #0 - TITLE STATEMENT
Title Mayyazhippuzhayute Theerangalil
260 ## - PUBLICATION, DISTRIBUTION, ETC. (IMPRINT)
Place of publication Kottayam
Name of publisher D C Books
Year of publication 1994
300 ## - PHYSICAL DESCRIPTION
Number of Pages 323p
942 ## - ADDED ENTRY ELEMENTS (KOHA)
Koha item type Books
Holdings
Withdrawn status Lost status Damaged status Collection code Home library Current library Shelving location Date acquired Source of acquisition Cost, normal purchase price Full call number Accession Number Koha item type
      Fiction KAUAET KAUAET General Stacks 24/03/2023 Aman book stall, Calicut 320.00 894.812 3 MUK/MA 26118 Books
free website counter